[Event "Maccabiah GM1 2013"]
[Site "Jerusalem ISR"]
[Date "2013.07.23"]
[Round "4.4"]
[White "Diamant,A"]
[Black "Dvoirys,S"]
[Result "1/2-1/2"]
[WhiteElo "2469"]
[BlackElo "2538"]

1.e4 c5 2.Nf3 d6 3.Bb5+ Bd7 4.Bxd7+ Qxd7 5.c4 Nf6 6.Nc3 e6 7.d4 cxd4 8.Nxd4 Be7
9.O-O O-O 10.b3 Nc6 11.Bb2 Rfd8 12.Re1 Rac8 13.Nxc6 bxc6 14.Qf3 Qc7 15.Rad1 Nd7
16.Qg3 Ne5 17.Rd2 Ng6 18.Na4 h6 19.Rdd1 Bg5 20.Qg4 Qe7 21.Qf3 Ne5 22.Qe2 Ng6
23.Qf3 Bf4 24.Bc3 Be5 25.c5 Qg5 26.cxd6 Bxd6 27.g3 Be5 28.Bxe5 Qxe5 29.Qe3 Qa5
30.Kg2 e5 31.Qc5 Qc7 32.Qc3 Nf8 33.Nc5 Nd7 34.Nxd7 Rxd7 35.Rxd7 Qxd7 36.Qxe5 Qd2
37.Re3 Qxa2 38.Qe7 Qa5 39.Rf3 Rf8 40.Qd7 c5 41.Rd3 Qb4 42.Qe7 a5 43.Rf3 a4
44.bxa4 Qxa4 45.Rf4 c4 46.Qc7 Qa6 47.e5 Qa8+ 48.f3 Qa2+ 49.Kh3 Qe2 50.Qxc4  1/2-1/2

[Event "14th ch-EUR Ind w"]
[Site "Belgrade SRB"]
[Date "2013.07.24"]
[Round "2.1"]
[White "Kochetkova,J"]
[Black "Cmilyte,V"]
[Result "1/2-1/2"]
[WhiteElo "2328"]
[BlackElo "2497"]

1.e4 c5 2.Nf3 d6 3.Bb5+ Bd7 4.Bxd7+ Qxd7 5.c4 Nf6 6.Nc3 g6 7.d4 cxd4 8.Nxd4 Bg7
9.f3 O-O 10.Be3 Rc8 11.b3 a6 12.a4 e6 13.O-O Nc6 14.Qd2 d5 15.exd5 exd5 16.Nxc6 bxc6
17.cxd5 Nxd5 18.Nxd5 cxd5 19.Rad1 Rc3 20.Bf2 Rxb3 21.Qxd5 Qxd5 22.Rxd5 Ra3
23.a5 Rc8 24.Rfd1 Bf8 25.Bb6 Be7 26.Kf1 Bb4 27.Rd8+ Rxd8 28.Rxd8+ Kg7 29.Ra8 Bxa5
30.Rxa6 Ra1+ 31.Ke2 Bc3 32.Rxa1 Bxa1 33.f4 h5 34.Kf3 Kf6 35.h3 Ke6 36.Bc7 f5
37.g4 hxg4+ 38.hxg4 Kd5 39.gxf5 gxf5 40.Bb6 Bd4 41.Bd8  1/2-1/2

[Event "14th ch-EUR Ind w"]
[Site "Belgrade SRB"]
[Date "2013.07.24"]
[Round "2.45"]
[White "Jacimovic,Sa"]
[Black "Melamed,T"]
[Result "0-1"]
[WhiteElo "1971"]
[BlackElo "2384"]

1.e4 c5 2.Nf3 d6 3.Bb5+ Nd7 4.d4 a6 5.Be2 cxd4 6.Qxd4 Ngf6 7.Nc3 e5 8.Qd1 Be7
9.O-O Nc5 10.Bd3 O-O 11.b4 Nxd3 12.Qxd3 Be6 13.Bg5 Rc8 14.Bxf6 Bxf6 15.Nd5 Bxd5
16.Qxd5 Qb6 17.Qd3 Rc7 18.c3 Rfc8 19.Rac1 Be7 20.a3 Qb5 21.Qc2 Qc4 22.Qb1 b5
23.Rfd1 Qe6 24.Qb2 Qg4 25.Re1 g6 26.h3 Qe6 27.Kh2 Bf8 28.Rc2 Bh6 29.Qa1 Qb3
30.Qd1 Bf8 31.Nd2 Qxa3 32.Re3 a5 33.Qb1 Rxc3 34.Rexc3 Rxc3 35.Ra2 Qxb4 36.Rb2 Qc5
37.Rxb5 Qxf2 38.Rb2 Rg3 39.Qf1 Qxf1 40.Nxf1 Ra3 41.Nd2 a4 42.Rb8 Rd3 43.Nf3 Kg7
44.Ra8 a3 45.Kg1 d5 46.Nxe5 Rd1+ 47.Kf2 dxe4 48.Ke2 Rg1 49.g4 a2  0-1

[Event "14th ch-EUR Ind w"]
[Site "Belgrade SRB"]
[Date "2013.07.24"]
[Round "2.51"]
[White "Klinova,M"]
[Black "Visanescu,D"]
[Result "1/2-1/2"]
[WhiteElo "2322"]
[BlackElo "2061"]

1.e4 c5 2.Nf3 d6 3.Bb5+ Bd7 4.Bxd7+ Qxd7 5.c4 Nc6 6.Nc3 g6 7.d4 cxd4 8.Nxd4 Bg7
9.Be3 Nf6 10.h3 O-O 11.O-O a6 12.a4 e6 13.Rc1 Rfd8 14.b3 Qc7 15.Qd2 Qa5 16.Rfd1 Rd7
17.Nde2 Rad8 18.Nf4 Qb4 19.Qc2 Ne7 20.Nd3 Qa5 21.b4 Qc7 22.Qb3 Rc8 23.Nb2 b6
24.f3 Qb7 25.b5 a5 26.Ne2 d5 27.cxd5 Rxc1 28.Rxc1 exd5 29.e5 Ne8 30.Nd3 Nc7
31.Nd4 Ne6 32.Nc6 Nf5 33.Bf2 Bh6 34.Re1 Bg5 35.g3 h5 36.f4 Bh6 37.h4 Bf8
38.Rd1 Kg7 39.Qa2 d4 40.Ne1 Bc5 41.Qe2 Nxg3 42.Qf3 Nf5 43.Nd3 Be7 44.Qh3 Nd8
45.Nxe7 Rxe7 46.Qg2 Qxg2+ 47.Kxg2 Rc7 48.Rc1 Rxc1 49.Nxc1 Ne6 50.Nd3 Kf8
51.Kf3 Ke7 52.Ke4 Kd7 53.Kd5 Nc7+ 54.Ke4 Ne6 55.Kd5 Nc7+ 56.Ke4 Ne6  1/2-1/2

[Event "Open Desko Liberec 2013"]
[Site "Liberec CZE"]
[Date "2013.07.24"]
[Round "6.7"]
[White "Krtous,Z1"]
[Black "Bednar,Ma"]
[Result "0-1"]
[WhiteElo "2040"]
[BlackElo "2283"]

1.e4 c5 2.Nf3 d6 3.Bb5+ Bd7 4.Bxd7+ Qxd7 5.O-O Nc6 6.Re1 Nf6 7.c3 e5 8.d4 h6
9.Nbd2 Be7 10.Nc4 Qc7 11.Ne3 cxd4 12.cxd4 O-O 13.d5 Nb4 14.Bd2 Nd3 15.Ba5 Qxa5
16.Qxd3 Rfc8 17.a3 Rc7 18.Rec1 Rac8 19.Rxc7 Rxc7 20.g3 g6 21.h4 Qa4 22.b4 Qd7
23.Nd2 Qc8 24.Kg2 Rc3 25.Qb1 Bd8 26.Ra2 Bb6 27.Ndf1 Kg7 28.Nd1 Rc1 29.Qd3 Nxe4
30.Qxe4 Rxd1 31.Rc2 Qf5 32.Qxf5 gxf5 33.Nd2 Kf6 34.Kf3 Ke7 35.Ke2 Ra1 36.Nc4 Bd4
37.Ne3 Kf6 38.Rc7 Rxa3 39.Rxb7 Ra2+ 40.Kf3 e4+  0-1

[Event "Quebec Open Invitational 2013"]
[Site "Montreal CAN"]
[Date "2013.07.24"]
[Round "5.8"]
[White "Hambleton,A"]
[Black "Shetty,A"]
[Result "1-0"]
[WhiteElo "2480"]
[BlackElo "2314"]

1.e4 c5 2.Nf3 d6 3.Bb5+ Bd7 4.Bxd7+ Qxd7 5.c4 Nf6 6.Nc3 g6 7.d4 cxd4 8.Nxd4 Bg7
9.f3 O-O 10.Be3 e6 11.Rc1 d5 12.e5 Ne8 13.cxd5 exd5 14.f4 Nc7 15.O-O Nc6
16.Nxc6 bxc6 17.Ne4 Rfd8 18.Nc5 Qe8 19.Qa4 Bf8 20.Nd3 d4 21.Bd2 Nb5 22.Qc4 c5
23.f5 Nc7 24.e6 fxe6 25.Ba5 Nd5 26.Bxd8 Rxd8 27.fxe6 Be7 28.Rf3 Ne3 29.Qa6 Rd6
30.Qxa7 c4 31.Nc5 Rc6 32.Nd7 Nf5 33.Qb7 Rxe6 34.Qd5 Qf7 35.Ne5 Rxe5 36.Qxe5 d3
37.g4 Bd6 38.Qe4 Qa7+ 39.Kh1 Nh4 40.Qe6+ Kg7 41.Qf6+ Kg8 42.Qxh4  1-0

[Event "VIII Vladimir Dvorkovich Open"]
[Site "Taganrog RUS"]
[Date "2013.07.24"]
[Round "3.2"]
[White "Zakharov,AI"]
[Black "Kryakvin,D"]
[Result "0-1"]
[WhiteElo "2356"]
[BlackElo "2584"]

1.e4 c5 2.Nf3 d6 3.Bb5+ Bd7 4.Bxd7+ Nxd7 5.O-O Ngf6 6.d3 e6 7.c4 Be7 8.Nc3 a6
9.h3 O-O 10.Be3 Rc8 11.Rc1 Re8 12.a3 d5 13.cxd5 exd5 14.exd5 Nb6 15.d6 Qxd6
16.Ne4 Nxe4 17.dxe4 Qe6 18.Nd2 Bf8 19.Re1 Nd7 20.f4 b5 21.e5 f6 22.Ne4 fxe5
23.fxe5 Qxe5 24.Qxd7 Qxe4 25.Bf2 Red8 26.Qxg7+ Bxg7 27.Rxe4 c4 28.Rc2 Rd1+
29.Kh2 Rcd8 30.Be1 R1d4 31.Re6 R4d6 32.Re4 Rd3 33.Rce2 R8d7 34.Rg4 R7d4 35.Rg5 Rd5
36.Rg4 h5 37.Rg6 Kh7 38.Rge6 Rd6 39.Re7 Kg6 40.Bg3 Rc6 41.Be5 Bxe5+ 42.R7xe5 Rcd6  0-1

[Event "VIII Vladimir Dvorkovich Open"]
[Site "Taganrog RUS"]
[Date "2013.07.24"]
[Round "3.3"]
[White "Kononenko,Dmitry2"]
[Black "Andreev,Ed UKR"]
[Result "0-1"]
[WhiteElo "2285"]
[BlackElo "2501"]

1.e4 c5 2.Nf3 d6 3.Bb5+ Nc6 4.Bxc6+ bxc6 5.O-O Bg4 6.d3 e5 7.Nbd2 Nf6 8.h3 Bd7
9.Nc4 Be7 10.Nh2 Be6 11.b3 O-O 12.Qe2 g6 13.f4 exf4 14.e5 Nh5 15.Bxf4 Bxc4
16.dxc4 Nxf4 17.Rxf4 dxe5 18.Rff1 Bd6 19.Rad1 f5 20.Qd3 Bc7 21.Qe2 Qe7 22.g4 e4
23.gxf5 gxf5 24.Qh5 Qf7 25.Qg5+ Qg6 26.h4 Qxg5+ 27.hxg5 Rad8 28.c3 Rxd1 29.Rxd1 Be5
30.Nf1 Bxc3 31.Ng3 Be5 32.Kg2 Bxg3 33.Kxg3 f4+ 34.Kf2 f3 35.Re1 Re8 36.Rd1 e3+
37.Kxf3 e2 38.Re1 Kg7 39.Kf2 Kg6 40.a3 a5 41.Kf3 Kf5 42.Kf2 Kf4  0-1

[Event "14th ch-EUR Ind w"]
[Site "Belgrade SRB"]
[Date "2013.07.25"]
[Round "3.4"]
[White "Peptan,C"]
[Black "Lomineishvili,M"]
[Result "1/2-1/2"]
[WhiteElo "2439"]
[BlackElo "2351"]

1.e4 c5 2.Nf3 d6 3.Bb5+ Bd7 4.Bxd7+ Qxd7 5.c4 Nf6 6.Nc3 g6 7.O-O Bg7 8.d4 cxd4
9.Nxd4 O-O 10.h3 Qc7 11.b3 Qa5 12.Qd3 Nc6 13.Be3 Nd7 14.Rfd1 Nc5 15.Qd2 Rfe8
16.Rab1 Nxd4 17.Bxd4 Bxd4 18.Qxd4 Ne6 19.Qe3 Qc5 20.Qf3 Rac8 21.Rd5 Qc6 22.Qe3 Nc7
23.Rg5 Ne6 24.Rd5 Nc7 25.Rd2 a6 26.e5 dxe5 27.Qxe5 b5 28.c5 b4 29.Na4 Ne6
30.Rc1 Rcd8 31.Rcd1 Rc8 32.Rd5 a5 33.Qe3 Qc7 34.Nb6 Rcd8 35.Rxd8 Rxd8 36.Nd5 Qa7
37.c6 Qxe3 38.fxe3 Kg7 39.e4 f5 40.Rc1 fxe4 41.c7 Nxc7 42.Nxc7 Rd2 43.Re1 Kf6
44.Rxe4 e5 45.Kf1 Rxa2 46.Nd5+ Kf5 47.Re3 h5 48.Ne7+ Kf4 49.Nd5+ Kf5 50.Nb6 e4
51.Nc4 a4 52.bxa4 Rxa4 53.Nd6+ Kf4 54.Rxe4+ Kg3 55.Re1 Ra2 56.Ne4+ Kh2 57.Rb1 Rxg2
58.Rxb4 g5 59.Nf2 Rg1+ 60.Ke2 Ra1 61.Rb3 Ra5 62.Ne4 Ra2+ 63.Kf1 Ra1+ 64.Ke2 Ra2+
65.Kf3 Kxh3 66.Nxg5+ Kh2 67.Ne4 h4 68.Nf2 Ra1 69.Rb2 Ra3+ 70.Kf4 Kg2 71.Ng4+ Kf1
72.Ne3+ Kg1 73.Kf3 h3 74.Rb1+ Kh2 75.Rc1 Rb3 76.Ra1 Rd3 77.Ra2+ Kg1 78.Ra1+ Kh2
79.Ra2+ Kg1 80.Ra8 Rxe3+ 81.Kxe3 h2 82.Ra1+ Kg2 83.Ra2+  1/2-1/2

[Event "Breisacher Memorial"]
[Site "Biel SUI"]
[Date "2013.07.25"]
[Round "4.1"]
[White "Rapport,R"]
[Black "Nepomniachtchi,I"]
[Result "1/2-1/2"]
[WhiteElo "2693"]
[BlackElo "2717"]

1.e4 c5 2.Nf3 d6 3.Bb5+ Nd7 4.d4 cxd4 5.Qxd4 a6 6.Bxd7+ Bxd7 7.c4 e5 8.Qd3 b5
9.Nc3 Rb8 10.O-O h6 11.c5 Be6 12.Nd5 Ne7 13.cxd6 Nxd5 14.exd5 Qxd6 15.Re1 Qxd5
16.Qxd5 Bxd5 17.Bf4 Be7 18.Bxe5 Rb7 19.Nd4 O-O 20.Nf5 f6 21.Bc3 Rf7 22.a3 Rd7
23.Nxe7+ Rfxe7 24.Rxe7 Rxe7 25.Re1 Kf7 26.Rxe7+ Kxe7 27.f3 h5 28.Kf2 Ke6
29.g3 g5 30.Ke3 Bb7 31.Ba5 Ba8 32.Bc3 Bb7 33.Ba5 Ba8 34.Bc3  1/2-1/2

[Event "Biel MTO 2013"]
[Site "Biel SUI"]
[Date "2013.07.25"]
[Round "4.13"]
[White "Megaranto,S"]
[Black "Zuse,KP"]
[Result "1-0"]
[WhiteElo "2524"]
[BlackElo "2263"]

1.e4 c5 2.Nf3 d6 3.Bb5+ Nd7 4.d4 cxd4 5.Qxd4 Nf6 6.Bg5 e6 7.Nc3 Be7 8.Bxf6 gxf6
9.O-O-O a6 10.Bxd7+ Bxd7 11.Rhe1 Qc7 12.Qd2 h5 13.Nd4 Qa5 14.f4 O-O-O 15.Kb1 Kb8
16.f5 Bc8 17.Qd3 Rdg8 18.Re2 Qe5 19.Nf3 Qc5 20.g3 Rg4 21.Nh4 Rd8 22.Qf3 Rdg8
23.Ng2 Bd8 24.a3 R4g5 25.Ree1 exf5 26.Qd3 Bc7 27.Ne3 h4 28.gxh4 Rh5 29.Nxf5 Bxf5
30.exf5 Rxh4 31.Nd5 Rxh2 32.Nxf6 Rd8 33.Re7 Rf2 34.Ne4  1-0

[Event "Dutch Open 2013"]
[Site "Dieren NED"]
[Date "2013.07.25"]
[Round "3.8"]
[White "Noordkamp,W"]
[Black "Goudriaan,E"]
[Result "0-1"]
[WhiteElo "2066"]
[BlackElo "2369"]

1.e4 c5 2.Nf3 d6 3.Bb5+ Nd7 4.d4 cxd4 5.Qxd4 a6 6.Bxd7+ Bxd7 7.O-O e5 8.Qd3 h6
9.Nc3 Nf6 10.a4 Rc8 11.Be3 Be6 12.Qd2 Qc7 13.Ne1 Be7 14.f3 O-O 15.Nd3 d5
16.exd5 Nxd5 17.Nxd5 Bxd5 18.Rac1 Be6 19.f4 e4 20.f5 exd3 21.cxd3 Qd6 22.fxe6 Qxe6
23.Rce1 Qb3 24.Bxh6 Rc2 25.Qf4 Re8 26.Bxg7 Kxg7 27.Qe5+ f6 28.Qg3+ Kf7 29.Qh3 Kg7
30.Qg4+ Kf8 31.d4 Qf7 32.Re3 Rec8 33.Rh3 Qg7 34.Qf3 Rc1 35.Qxb7 Rxf1+ 36.Kxf1 Rc1+
37.Kf2 Rc2+ 38.Kf1 Bd8 39.Qe4 Rc7 40.Qf4 Rd7 41.Qf5 Rc7 42.Qd5 Rc8 43.Rc3 Qg4
44.Qd6+ Be7 45.Qxa6 Qd1+ 46.Kf2 Qxd4+ 47.Kf1 Qf4+ 48.Ke2 Rd8 49.Rd3 Qe4+
50.Kd2 Bb4+ 51.Kc1 Qe1+  0-1

[Event "15th TCh-Eur Senior"]
[Site "Dresden GER"]
[Date "2013.07.25"]
[Round "6"]
[White "Watzka,H"]
[Black "Vogt,L"]
[Result "0-1"]
[WhiteElo "2273"]
[BlackElo "2402"]

1.e4 c5 2.Nf3 d6 3.Bb5+ Bd7 4.Bxd7+ Qxd7 5.c4 Nf6 6.Nc3 g6 7.O-O Nc6 8.d4 cxd4
9.Nxd4 Bg7 10.Nc2 O-O 11.Rb1 a6 12.Ne3 e6 13.Qe2 b5 14.cxb5 Nd4 15.Qd3 Nxb5
16.Ne2 Rfd8 17.Rd1 Qc6 18.a4 Nc7 19.Nc3 d5 20.exd5 exd5 21.Nc2 Ne6 22.Bd2 d4
23.Nb4 dxc3  0-1

[Event "15th TCh-Eur Senior"]
[Site "Dresden GER"]
[Date "2013.07.25"]
[Round "6"]
[White "Palmo,P"]
[Black "Sager,Bernd"]
[Result "1/2-1/2"]
[WhiteElo "2034"]
[BlackElo "1927"]

1.e4 c5 2.Nf3 d6 3.Bb5+ Bd7 4.Bxd7+ Qxd7 5.O-O Nc6 6.Nc3 e6 7.d4 cxd4 8.Nxd4 Nf6
9.Be3 Be7 10.Qe2 O-O 11.Rad1 Nxd4 12.Bxd4 Qc6 13.f4 Rfd8 14.f5 e5 15.Bf2 a6
16.Nd5 Nxd5 17.Rxd5 Rac8 18.c3 Qc4 19.Qxc4 Rxc4 20.Re1 Rdc8 21.g3  1/2-1/2

[Event "Maccabiah GM1 2013"]
[Site "Jerusalem ISR"]
[Date "2013.07.25"]
[Round "6.3"]
[White "Diamant,A"]
[Black "Steinberg,N"]
[Result "1-0"]
[WhiteElo "2469"]
[BlackElo "2416"]

1.e4 c5 2.Nf3 d6 3.Bb5+ Nd7 4.d4 cxd4 5.Qxd4 Nf6 6.Bg5 a6 7.Bxd7+ Bxd7 8.Nc3 e6
9.O-O-O h6 10.Bxf6 gxf6 11.Rhe1 Rg8 12.Nd5 Be7 13.Nxe7 Qxe7 14.g3 Bc6 15.Qxd6 Qxd6
16.Rxd6 Ke7 17.Rd3 Rac8 18.Nd4 Bd7 19.b3 h5 20.h4 Rg4 21.Kb2 Rc5 22.Rc3 Kd6
23.Nf5+ Kc6 24.Nd4+ Kd6 25.Rxc5 Kxc5 26.Kc3 a5 27.a3 b6 28.Re3 Bc8 29.b4+ axb4+
30.axb4+ Kd6 31.Nb3 Ba6 32.Nd2 Rg8 33.Kb3 Rd8 34.Nc4+ Kc6 35.Rd3 Rg8 36.Rc3 Kc7
37.Ne5+ Kd6 38.Nc4+ Kc7 39.e5 Rg6 40.Nd6+ Kb8 41.Nxf7 Rg7 42.Nd8 fxe5 43.Nc6+ Ka8
44.Nxe5 Bb7 45.Re3  1-0

[Event "Yinzhou Cup CHN-USA Rapid"]
[Site "Ningbo CHN"]
[Date "2013.07.25"]
[Round "2.4"]
[White "Melekhina,A"]
[Black "Ding Yixin"]
[Result "0-1"]
[WhiteElo "2216"]
[BlackElo "2432"]

1.e4 c5 2.Nf3 d6 3.Bb5+ Bd7 4.Bxd7+ Qxd7 5.c4 Nf6 6.Nc3 g6 7.d4 cxd4 8.Nxd4 Bg7
9.f3 O-O 10.Be3 a6 11.Qd2 Nc6 12.O-O Nxd4 13.Bxd4 b5 14.Nd5 Nxd5 15.cxd5 Rfc8
16.Rac1 Rxc1 17.Rxc1 Rc8 18.Bxg7 Kxg7 19.Kf1 f6 20.Rc3 Rc5 21.Rxc5 dxc5 22.Qc3 Qd6
23.g3 Kf7 24.Kg2 e6 25.dxe6+ Kxe6 26.Qb3+ c4 27.Qe3 b4 28.Kf2  0-1

[Event "Yinzhou Cup CHN-USA Rapid"]
[Site "Ningbo CHN"]
[Date "2013.07.25"]
[Round "3.4"]
[White "Melekhina,A"]
[Black "Wang Jue"]
[Result "1/2-1/2"]
[WhiteElo "2216"]
[BlackElo "2399"]

1.e4 c5 2.Nf3 d6 3.Bb5+ Nd7 4.O-O a6 5.Bxd7+ Bxd7 6.Re1 Nf6 7.c3 Bg4 8.d4 e6
9.Bg5 Be7 10.Nbd2 O-O 11.Qb3 Qc7 12.a4 h6 13.Be3 cxd4 14.Bxd4 Nd7 15.a5 Rab8
16.Qc4 Qd8 17.Qd3 Nc5 18.Qc2 Rc8 19.b3 Bh5 20.Nc4 Bxf3 21.gxf3 Nd7 22.f4 Rc6
23.Kh1 d5 24.exd5 exd5 25.Ne3 Bf6 26.Nxd5 Re6 27.Nxf6+ Nxf6 28.Re5 Ng4 29.Rxe6 fxe6
30.f3 Nf6 31.Qe2 Qd5 32.Re1 Kh8 33.b4 Nh5 34.Qe4 Qb5 35.Qxe6 Kh7 36.Rg1 Qc6
37.Qxc6 bxc6 38.Be5 Nf6 39.Rd1 Nd5 40.Kg1 Kg6 41.Kf2 Kf5 42.Rg1 g5 43.Bd6 Rd8
44.c4 Rxd6 45.cxd5 Rxd5 46.fxg5 hxg5 47.Rc1 Rd6 48.Kg3 Ke5 49.Rc5+ Kf6 50.Rc4 Kf5
51.h4 gxh4+ 52.Kxh4 Rg6 53.Rg4 Rh6+ 54.Kg3 Ke5 55.Re4+ Kf5 56.Rc4 Rg6+ 57.Kf2 Rd6
58.Ke3 Ke5 59.f4+ Kf5 60.Rc5+ Kf6 61.Ke4 Ke6 62.Rh5 Rd1 63.f5+ Ke7 64.Rh7+ Kd6
65.Ra7 Rb1 66.f6 Ke6 67.f7 Rxb4+ 68.Ke3 Rb8 69.Rxa6 Kxf7 70.Rxc6 Ke7 71.Kd4 Kd7
72.Rc5 Rc8  1/2-1/2

[Event "Open Desko Liberec 2013"]
[Site "Liberec CZE"]
[Date "2013.07.26"]
[Round "8.5"]
[White "Vltavsky,V"]
[Black "Bednar,Ma"]
[Result "0-1"]
[WhiteElo "2221"]
[BlackElo "2283"]

1.e4 c5 2.Nf3 d6 3.Bb5+ Bd7 4.Bxd7+ Qxd7 5.O-O Nf6 6.Re1 Nc6 7.c3 e6 8.d3 Be7
9.Nbd2 O-O 10.Nf1 b5 11.Ng3 Qb7 12.Bf4 Rfd8 13.Qc2 d5 14.e5 Nd7 15.d4 Rdc8
16.Qe2 b4 17.Bd2 Qb6 18.dxc5 Bxc5 19.cxb4 Bxb4 20.Rac1 Rab8 21.Rc2 Bxd2 22.Rxd2 Qb4
23.Nf1 Rb7 24.Rc2 Rbc7 25.Rc3 Nd4 26.Nxd4 Qxd4 27.Rxc7 Rxc7 28.g3 h6 29.Kg2 Qa4
30.b3 Qa5 31.Rd1 Rc3 32.f4 Nc5 33.Rd2 Ne4 34.Rc2 g6 35.Rb2 Qc5 36.b4 Qd4
37.a4 Rc4 38.Kh3 Rxb4 39.Rxb4 Qxb4 40.Qa6 Qc4 41.Qxc4 dxc4 42.Ne3 c3 43.Kg2 Nc5
44.Kf2 Nxa4 45.Ke2 Nb2 46.Nc2 g5 47.fxg5 hxg5 48.Ke3 Kg7 49.Kd4 Nd1 50.Kd3 Kg6
51.Nd4 g4 52.Kc2 Ne3+ 53.Kxc3 Nf1 54.Kd3 Nxh2 55.Ke4 Kg5 56.Nb5 Nf1 57.Nxa7  0-1

[Event "6th Paleochora Open"]
[Site "Paleochora GRE"]
[Date "2013.07.26"]
[Round "9.26"]
[White "Berset,P"]
[Black "Skagseth,Havard M"]
[Result "0-1"]
[WhiteElo "2129"]
[BlackElo "1930"]

1.e4 c5 2.Nf3 d6 3.Bb5+ Bd7 4.Bxd7+ Qxd7 5.O-O Nc6 6.c3 Nf6 7.d4 Nxe4 8.d5 Nb8
9.Re1 Nf6 10.Bg5 e5 11.dxe6 fxe6 12.c4 Nc6 13.Qe2 e5 14.Nc3 Be7 15.Bxf6 Bxf6
16.Qe4 O-O 17.Qd5+ Kh8 18.Rad1 Rad8 19.Nb5 Nd4 20.Nfxd4 exd4 21.Nxa7 Be5
22.Nb5 Qf5 23.Rd2 Qf4 24.Rc2 Qxh2+ 25.Kf1 Bg3 26.Nxd6 Rxd6  0-1

[Event "Czech Open A 2013"]
[Site "Pardubice CZE"]
[Date "2013.07.26"]
[Round "8.29"]
[White "Pagerka,M"]
[Black "Malinovsky,K"]
[Result "1/2-1/2"]
[WhiteElo "2213"]
[BlackElo "2462"]

1.e4 c5 2.Nf3 d6 3.Bb5+ Nd7 4.c3 Nf6 5.d3 e5 6.Nbd2 Be7 7.O-O O-O 8.a4 a6
9.Bc4 b6 10.Re1 Rb8 11.Ng5 b5 12.axb5 axb5 13.Bb3 Nb6 14.h3 Qc7 15.d4 c4
16.Bc2 h6 17.Ngf3 Bd7 18.Nf1 Ra8 19.Rb1 Rfe8 20.g4 Bf8 21.Ng3 g6 22.Be3 Ra2
23.Qd2 Kh7 24.g5 hxg5 25.Nxg5+ Kg8 26.f4 exf4 27.Bxf4 b4 28.cxb4 c3 29.Qf2 Rxb2
30.Rxb2 cxb2 31.Bb3 Nc4 32.Bd2 Bg7 33.Bc3 Re7 34.Bxb2 Nxb2 35.Qxb2 Nh7 36.Nf3 Bxh3
37.b5 Qb6 38.Rd1 Bg4 39.Kg2 Nf6 40.Rc1 Nxe4 41.Nxe4 Rxe4 42.Bxf7+ Kf8 43.Qa3 Qd8
44.Bd5 Rf4 45.Qa8 Qxa8 46.Bxa8 Bxf3+ 47.Bxf3 Bxd4 48.Rc6 Ke7  1/2-1/2

[Event "14th ch-EUR Ind w"]
[Site "Belgrade SRB"]
[Date "2013.07.27"]
[Round "5.5"]
[White "Peptan,C"]
[Black "Gaponenko,I"]
[Result "1/2-1/2"]
[WhiteElo "2439"]
[BlackElo "2393"]

1.e4 c5 2.Nf3 d6 3.Bb5+ Bd7 4.Bxd7+ Qxd7 5.c4 Nf6 6.Nc3 g6 7.d4 cxd4 8.Nxd4 Bg7
9.h3 Qc7 10.Qe2 Nc6 11.Ndb5 Qa5 12.Bd2 O-O 13.O-O a6 14.Nd5 Qd8 15.Nxf6+ Bxf6
16.Nc3 e6 17.Rfd1 Qe7 18.Rac1 b5 19.cxb5 Nd4 20.Qd3 Nxb5 21.b3 Rfd8 22.Na4 Qb7
23.Ba5 Rdc8 24.Nb6 Rxc1 25.Rxc1 Rb8 26.Nc4 d5 27.exd5 Qxd5 28.Qxd5 exd5 29.Ne3 d4
30.Nd5 Bd8 31.Bd2 Kg7 32.Rc6 a5 33.Bf4 Rb7 34.Be5+ Kh6 35.Rc5 d3 36.Nf6 Bxf6
37.Bxf6 a4 38.Rd5 axb3 39.axb3 Na7 40.Rxd3 Nc6 41.g4 Nb8 42.Kg2 Nd7 43.Bd4 Nf8
44.Bc3 Ne6 45.Rf3 Nc5 46.b4 Ne4 47.Be1 Nd6 48.Bd2+ Kg7 49.Bc3+ Kh6 50.Bd4 Ne4
51.Rb3 Rb5 52.f3 Nd6 53.Kg3 g5 54.Rd3 Kg6 55.Bc3 Rb6 56.Rd5 Nb5 57.Bd2 f6
58.Be3 Rb7 59.Bc5 Nc3 60.Rd6 Ne2+ 61.Kh2 h6 62.h4 gxh4 63.Kh3 h5 64.gxh5+ Kxh5
65.Rd5+ Kg6 66.Kxh4 Nf4 67.Rd6 Kf5 68.Kg3 Ke5 69.Rd1 Rg7+ 70.Kf2 Rg2+ 71.Kf1 Rc2
72.Bd4+ Kf5 73.b5 Ne2 74.Bf2 Rb2 75.b6 Kf4 76.Rd3 Ng3+ 77.Kg2 Nf5 78.Kf1 Rb1+
79.Ke2 Ng3+ 80.Bxg3+ Kxg3 81.Rd6 f5 82.Rf6 Rb2+ 83.Kd3 f4 84.Ke4 Rb4+ 85.Kd5 Kxf3
86.Kc5 Rb1 87.Kc6  1/2-1/2

[Event "14th ch-EUR Ind w"]
[Site "Belgrade SRB"]
[Date "2013.07.27"]
[Round "5.8"]
[White "Zawadzka,J"]
[Black "Papp,Petra"]
[Result "1/2-1/2"]
[WhiteElo "2393"]
[BlackElo "2276"]

1.e4 c5 2.Nf3 d6 3.Bb5+ Nd7 4.O-O a6 5.Bd3 Ngf6 6.c3 Qc7 7.Bc2 c4 8.a4 g5
9.Nxg5 Ne5 10.d4 cxd3 11.Bxd3 Rg8 12.f4 Rxg5 13.fxg5 Qc5+ 14.Kh1 Nfg4 15.Qe2 Nxd3
16.Qxd3 Nf2+ 17.Rxf2 Qxf2 18.Bd2 Bg4 19.Na3 Bg7 20.Re1 Rc8 21.Nc2 Be5 22.Qe3 Qxe3
23.Nxe3 Be6 24.g3 Bb3 25.Ra1 Bc4 26.Kg2 Be6 27.Kf3 Kd7 28.h4 Rg8 29.g4 a5
30.Ra3 Ra8 31.b3 Kc6 32.c4 Kc5 33.Ra2 Kd4 34.Nc2+ Kd3 35.Ne1+ Kd4 36.Rc2 Kc5
37.Nd3+ Kd4 38.Nc1 Kc5 39.Be3+ Kc6 40.Nd3 Bg7 41.Nf4 Kd7 42.h5 Be5 43.Ne2 Rg8
44.Ng1 f6 45.Bf4 Bxf4 46.Kxf4 Bxg4 47.gxf6 Bxh5 48.Rh2 Bg6 49.fxe7 Kxe7 50.Nf3 Kd7  1/2-1/2

[Event "Breisacher Memorial"]
[Site "Biel SUI"]
[Date "2013.07.27"]
[Round "6.1"]
[White "Rapport,R"]
[Black "Vachier Lagrave,M"]
[Result "1/2-1/2"]
[WhiteElo "2693"]
[BlackElo "2719"]

1.e4 c5 2.Nf3 d6 3.Bb5+ Bd7 4.Bxd7+ Qxd7 5.O-O Nf6 6.e5 dxe5 7.Nxe5 Qc8 8.Re1 Nc6
9.Nc4 e6 10.a4 Be7 11.Ra3 Qc7 12.Rg3 g6 13.Nc3 a6 14.d3 Nd4 15.a5 Rd8 16.Rh3 O-O
17.Bh6 Rfe8 18.Qd2 Nd5 19.Kh1 Bf6 20.Ne3 Nxe3 21.fxe3 Nf5 22.Ne4 Qe7 23.Rf1 Bh4
24.Rf4 Nxh6 25.Rfxh4 f5 26.Nxc5 Qxc5 27.Rxh6 Rd7 28.Rf3 Rc8 29.Rf2 Qe5 30.d4 Qe4
31.Kg1 e5 32.c3 Rc5 33.Rh3 Rxa5 34.Qd1 Rad5 35.Rhf3 b5 36.Qa1 R5d6 37.h3 h5
38.Qa3 Kg7 39.Qc5 Qd5 40.Qxd5 Rxd5  1/2-1/2

[Event "Helmut-Kohls-Turnier"]
[Site "Dortmund GER"]
[Date "2013.07.27"]
[Round "1.1"]
[White "Bok,B"]
[Black "Zelbel,P"]
[Result "1/2-1/2"]
[WhiteElo "2532"]
[BlackElo "2385"]

1.e4 c5 2.Nf3 d6 3.Bb5+ Nd7 4.O-O a6 5.Bd3 g6 6.c3 Bg7 7.Bc2 Ne5 8.Nxe5 dxe5
9.d3 Nf6 10.f4 exf4 11.Bxf4 O-O 12.Nd2 b6 13.Qe2 Nh5 14.Be3 Qc7 15.Nf3 e5
16.Bb3 h6 17.Nh4 Kh7 18.Nf5 gxf5 19.Qxh5 f4 20.Bd2 Be6 21.Qe2 Qd7 22.Bxe6 Qxe6
23.g3 fxg3 24.hxg3 Qg6 25.Qf3 Rad8 26.Rad1 Rd6 27.Kg2 Rfd8 28.Bc1 c4 29.Qxf7 Rxd3
30.Qxg6+ Kxg6 31.Rde1 b5  1/2-1/2

[Event "15th TCh-Eur Senior"]
[Site "Dresden GER"]
[Date "2013.07.27"]
[Round "8"]
[White "Rooze,J"]
[Black "Tatai,S"]
[Result "0-1"]
[WhiteElo "2386"]
[BlackElo "2365"]

1.e4 c5 2.Nf3 d6 3.Bb5+ Bd7 4.Bxd7+ Qxd7 5.c4 Nc6 6.Nc3 g6 7.d4 cxd4 8.Nxd4 Bg7
9.Nde2 Nf6 10.f3 O-O 11.O-O Rfc8 12.Bg5 Qd8 13.Qd2 Qa5 14.b3 Nd7 15.Rac1 a6
16.Bh6 b5 17.Bxg7 Kxg7 18.Qb2 f6 19.Nd5 Nde5 20.b4 Qd8 21.Nef4 Kf7 22.cxb5 axb5
23.Ne3 Qb6 24.Qb3+ Nc4 25.Nd5 Qa7 26.Rf2 e6 27.Nxc4 bxc4 28.Qxc4 Ne5 29.Qc7+ Nd7
30.Rc6 Rxc7 31.Rxc7 Qa4 32.Nc3 Qxb4 33.Rxd7+ Kg8 34.Rc7 Qb6 35.Rc4 Ra3 36.g3 Qe3
37.Rc8+ Kg7 38.Rc7+ Kh6 39.Nd1 Qd4  0-1

[Event "III Brazil Maringa Open"]
[Site "Maringa BRA"]
[Date "2013.07.27"]
[Round "6.1"]
[White "Delgado Ramirez,N"]
[Black "Mareco,S"]
[Result "0-1"]
[WhiteElo "2583"]
[BlackElo "2562"]

1.e4 c5 2.Nf3 d6 3.Bb5+ Nd7 4.O-O Nf6 5.Re1 a6 6.Bxd7+ Nxd7 7.b3 e5 8.c3 Be7
9.d4 O-O 10.dxe5 dxe5 11.c4 Re8 12.Nc3 f6 13.Be3 Nf8 14.Qxd8 Rxd8 15.Nd5 Bd6
16.b4 Ne6 17.Rac1 Bd7 18.Red1 Be8 19.a3 Bf8 20.Ne1 Ba4 21.Rd2 b5 22.Rb2 cxb4
23.axb4 bxc4 24.Nb6 Bb3 25.Nxa8 Rxa8 26.Nc2 Rd8 27.h3 Nf4 28.Rcb1 Ne2+ 29.Kh2 Nc3
30.Rxb3 cxb3 31.Rxb3 Nxe4 32.Ne1 Nd2 33.Bxd2 Rxd2 34.f3 Rd5 35.Nd3 f5 36.Ra3 a5  0-1

[Event "Czech Open A 2013"]
[Site "Pardubice CZE"]
[Date "2013.07.27"]
[Round "9.30"]
[White "Breder,D"]
[Black "Griffiths,R"]
[Result "1-0"]
[WhiteElo "2465"]
[BlackElo "2372"]

1.e4 c5 2.Nf3 d6 3.Bb5+ Nd7 4.d4 cxd4 5.Qxd4 a6 6.Bxd7+ Bxd7 7.O-O Rc8 8.Nc3 e5
9.Qb4 Bc6 10.Be3 h6 11.Rfd1 Qc7 12.Bb6 Qb8 13.Nd5 Bxd5 14.exd5 Nf6 15.Qa4+ Nd7
16.c4 Be7 17.Rac1 Bd8 18.Bxd8 Rxd8 19.c5 O-O 20.b4 e4 21.c6 Nb6 22.Qb3 bxc6
23.Nd4 Rde8 24.Nxc6 Qb7 25.Qg3 Qd7 26.Qe3 Na8 27.Qa7 Qxa7 28.Nxa7 Re7 29.Nc8 Rc7
30.Nxd6 Rd7 31.Nxe4 Rfd8 32.Rc5 Nc7 33.Nc3 Ne6 34.Rc4 Nc7 35.Rc5 Ne6 36.Rc6 Nc7
37.d6 Nb5 38.Nxb5 axb5 39.Rd3 f6 40.g3 Rb7 41.h4 Kf8 42.Kg2 Rdd7 43.f4 g6
44.g4 g5 45.hxg5 fxg5 46.fxg5 hxg5 47.Rc5 Rb6 48.Rf5+  1-0

[Event "28th Avoine Open"]
[Site "Avoine FRA"]
[Date "2013.07.28"]
[Round "9.3"]
[White "Lagarde,Max"]
[Black "Doluhanova,E"]
[Result "1/2-1/2"]
[WhiteElo "2526"]
[BlackElo "2320"]

1.e4 c5 2.Nf3 d6 3.Bb5+ Nc6 4.Bxc6+ bxc6 5.O-O e5 6.c3 Bg4 7.d4 Bxf3 8.gxf3 Qf6
9.dxe5 dxe5 10.Kh1 Ne7 11.Rg1 Ng6 12.Na3 Be7 13.Nc4 Rd8 14.Qe2 Qe6 15.Be3 O-O
16.Rg3 Rd7 17.b3 Rfd8 18.Rag1 Bh4 19.Rg4 h5 20.R4g2 Bf6 21.Na5 Qd6 22.Qc4 Qd3
23.Qxd3 Rxd3 24.c4 Rc8 25.Nb7 Be7 26.Rc1 Nf4 27.Rgg1 Ne2 28.Rcd1 Rc3 29.Rge1 Nd4
30.f4 f6 31.f5 Rb8 32.Na5 Rb6 33.Rd2 Ra6 34.Nb7 Rb6 35.Na5 Ra6 36.Nb7 Rb6
37.Na5 Ra6 38.Nb7 Rb6 39.Na5 Ra6 40.Nb7 Rb6 41.Na5  1/2-1/2